Použitie regresnej analýzy na ohodnotenie faktorov, ktoré slúžia na uspokojenie zákazníka

Kvalita výrobkov alebo služieb ako základný faktor. ktorý slúži na uspokojenie zákazníka a splnenie jeho potrieb. Osobitné faktory, ktoré slúžia na uspokojenie zákazníka. Ohodnotenie uspokojenia zákazníkov s pomocou regresnej analýzy.

Gespeichert in:
Bibliographische Detailangaben
1. Verfasser: Radziszewska, Aleksandra
Weitere Verfasser: Borkowski, Stanislaw
Format: Buchkapitel
Sprache:Slowakisch
Schlagworte:
Tags: Tag hinzufügen
Keine Tags, Fügen Sie das erste Tag hinzu!

MARC

LEADER 00000naa a2200000 4500
001 r047018
005 20231002121501.0
041 0 |a slo 
044 |a SK 
245 1 0 |a Použitie regresnej analýzy na ohodnotenie faktorov, ktoré slúžia na uspokojenie zákazníka  |c Aleksandra Radziszewska, Stanislaw Borkowski 
520 |a Kvalita výrobkov alebo služieb ako základný faktor. ktorý slúži na uspokojenie zákazníka a splnenie jeho potrieb. Osobitné faktory, ktoré slúžia na uspokojenie zákazníka. Ohodnotenie uspokojenia zákazníkov s pomocou regresnej analýzy. 
610 2 0 |a spokojnosť zákazníkov 
610 2 0 |a firmy 
610 2 0 |a riadenie kvality 
610 2 0 |a certifikáty 
610 2 0 |a analýza regresná 
100 1 |a Radziszewska, Aleksandra 
700 1 |a Borkowski, Stanislaw